Aplikace řízení hodnoty
Jednou zo skutočností, ktorou je potrebné sa zaoberať pri aplikácii teórie riadenia hodnoty podniku, je riadenie rizika. Cieľom príspevku je zameranie sa na prístup (spôsob) uchopenia rizika. Prístupy pre odhad rizika. Model CAPM. Odhad rizika pomocou vybraných pomerov trhovej ceny a fundamentálneho...
Gespeichert in:
| 1. Verfasser: | |
|---|---|
| Weitere Verfasser: | |
| Format: | Buchkapitel |
| Sprache: | Tschechisch |
| Schlagworte: | |
| Tags: |
Keine Tags, Fügen Sie das erste Tag hinzu!
|
MARC
| LEADER | 00000naa$a2200000$$$4500 | ||
|---|---|---|---|
| 001 | 0014496 | ||
| 005 | 20221025092927.0 | ||
| 041 | 0 | |a cze | |
| 044 | |a SK | ||
| 245 | 1 | 0 | |a Aplikace řízení hodnoty |c aut. Inka Neumaierová, Ivan Neumaier |
| 520 | |a Jednou zo skutočností, ktorou je potrebné sa zaoberať pri aplikácii teórie riadenia hodnoty podniku, je riadenie rizika. Cieľom príspevku je zameranie sa na prístup (spôsob) uchopenia rizika. Prístupy pre odhad rizika. Model CAPM. Odhad rizika pomocou vybraných pomerov trhovej ceny a fundamentálneho ukazovateľa. Postupy ratingových agentúr. Riadenie rizika je nedieľnou súčasťou manažérskeho simulátora. | ||
| 610 | 2 | 0 | |a hodnota |
| 610 | 2 | 0 | |a model CAPM |
| 610 | 2 | 0 | |a podnik |
| 610 | 2 | 0 | |a teória riadenia |
| 610 | 2 | 0 | |a riziko |
| 610 | 2 | 0 | |a odhad hodnoty |
| 610 | 2 | 0 | |a risk management |
| 100 | 1 | |a Neumaierová, Inka | |
| 700 | 1 | |a Neumaier, Ivan | |